Hacia el cambio estructural en los puertos.

Jednou zo základných dilem vlád Latinskej Ameriky v 90. rokoch - nutnosť riešenia štruktúrnych problémov rozvoja a činnosť prístavov, lebo nastane pokles konkurencieschopnosti vývozných možností prístavov a z toho plynúce dôsledky - strata devíz, pokles investícií, rast nezamestnanosti. Plány CEPAL...

Ausführliche Beschreibung

Gespeichert in:
Bibliographische Detailangaben
Format: Buchkapitel
Sprache:Spanisch
Schlagworte:
Tags: Tag hinzufügen
Keine Tags, Fügen Sie das erste Tag hinzu!

MARC

LEADER 00000naa a2200000 4500
001 r011178
005 20221208122342.9
041 0 |a spa 
044 |a MX 
245 1 0 |a Hacia el cambio estructural en los puertos. 
520 |a Jednou zo základných dilem vlád Latinskej Ameriky v 90. rokoch - nutnosť riešenia štruktúrnych problémov rozvoja a činnosť prístavov, lebo nastane pokles konkurencieschopnosti vývozných možností prístavov a z toho plynúce dôsledky - strata devíz, pokles investícií, rast nezamestnanosti. Plány CEPAL na štruktúrne zmeny a zvýšenie konkurencieschopnosti zahraničného obchodu LA. 
610 2 0 |a zmeny štruktúrne 
610 2 0 |a konkurencieschopnosť 
610 2 0 |a prístavy 
610 2 0 |a Latinská Amerika 
610 2 0 |a CEPAL 
610 2 0 |a obchod zahraničný 
610 2 0 |a 1991-2000 
610 2 0 |a programy vládne